<?xml version="1.0" encoding="UTF-8"?><?xml-stylesheet type="text/xsl" href="static/style.xsl"?><OAI-PMH xmlns="http://www.openarchives.org/OAI/2.0/" xmlns:xsi="http://www.w3.org/2001/XMLSchema-instance" xsi:schemaLocation="http://www.openarchives.org/OAI/2.0/ http://www.openarchives.org/OAI/2.0/OAI-PMH.xsd"><responseDate>2026-04-26T20:23:19Z</responseDate><request verb="GetRecord" identifier="oai:uvadoc.uva.es:10324/41359" metadataPrefix="marc">https://uvadoc.uva.es/oai/request</request><GetRecord><record><header><identifier>oai:uvadoc.uva.es:10324/41359</identifier><datestamp>2021-06-30T03:04:57Z</datestamp><setSpec>com_10324_38</setSpec><setSpec>col_10324_852</setSpec></header><metadata><record xmlns="http://www.loc.gov/MARC21/slim" xmlns:doc="http://www.lyncode.com/xoai" xmlns:xsi="http://www.w3.org/2001/XMLSchema-instance" xmlns:dcterms="http://purl.org/dc/terms/" xsi:schemaLocation="http://www.loc.gov/MARC21/slim http://www.loc.gov/standards/marcxml/schema/MARC21slim.xsd">
<leader>00925njm 22002777a 4500</leader>
<datafield tag="042" ind1=" " ind2=" ">
<subfield code="a">dc</subfield>
</datafield>
<datafield tag="720" ind1=" " ind2=" ">
<subfield code="a">Rodríguez Villarán, Nuria</subfield>
<subfield code="e">author</subfield>
</datafield>
<datafield tag="260" ind1=" " ind2=" ">
<subfield code="c">2019</subfield>
</datafield>
<datafield tag="520" ind1=" " ind2=" ">
<subfield code="a">Maldito karma es el título de la traducción al español de la novela alemana, Mieses Karma, de David Safier. En este trabajo se realiza un análisis de esta traducción, llevando a cabo una identificación tanto de los problemas de traducción que implica el texto original, como de las técnicas de traducción empleadas por Lídia Álvarez Grifoll durante el proceso traslativo, con el objetivo de observar el resultado en la lengua meta y generar una opinión personal de la traducción final a la vista de los casos observados. Además, se tratan de identificar posibles errores cometidos en el texto meta y, dado el caso, se proponen posibles alternativas. Las principales bases procedimentales sobre las que se fundamenta este trabajo son las clasificaciones de Christiane Nord de problemas de traducción y de Amparo Hurtado Albir de técnicas de traducción.</subfield>
</datafield>
<datafield tag="024" ind2=" " ind1="8">
<subfield code="a">http://uvadoc.uva.es/handle/10324/41359</subfield>
</datafield>
<datafield tag="245" ind1="0" ind2="0">
<subfield code="a">Análisis de la traducción (DE-ES) de Mieses Karma de David Safier por Lídia Álvarez Grifoll</subfield>
</datafield>
</record></metadata></record></GetRecord></OAI-PMH>